Industrial democracy : a plan for its achievement /

Bibliographic Details
Main Author: Plumb, Glenn Edward, 1866-1922
Other Authors: Roylance, William G.
Format: Book
Language:English
Published: New York : B. W. Huebsch, inc., 1923.
Subjects:

MARC

Tag First Indicator Second Indicator Subfields
LEADER 00000cam a2200000 4500
001 in00000053839
005 20151008050905.0
008 750904s1923 nyu 00010 eng u
010 |a  23010673  
035 |a (OCoLC)01596833 
035 |9 AAG4077AM 
040 |c TOL  |d TXA  |d UtOrBLW 
049 |a TXAM  |c [19989] 
050 0 |a HD2961  |b .P6 
092 |a 334  |b P73i 
100 1 |a Plumb, Glenn Edward,  |d 1866-1922. 
245 1 0 |a Industrial democracy :  |b a plan for its achievement /  |c by Glenn E. Plumb and William G. Roylance... 
264 1 |a New York :  |b B. W. Huebsch, inc.,  |c 1923. 
300 |a 359 pages ;  |c 21 cm. 
336 |a text  |b txt  |2 rdacontent 
337 |a unmediated  |b n  |2 rdamedia 
338 |a volume  |b nc  |2 rdacarrier 
650 0 |a Cooperation. 
651 0 |a United States  |x Economic conditions. 
650 0 |a Democracy. 
700 1 |a Roylance, William G. 
999 |a MARS 
999 f f |s 0ab6d5cd-d9f4-3643-8a3a-30fa572e46fe  |i 11661757-ab9f-3298-a727-97faa1a5752e  |t 0 
952 f f |p ric  |a Texas A&M University  |b Rellis Campus  |c Joint Library Facility  |d Remote Storage  |t 0  |e HD2961 .P6  |h Library of Congress classification  |i unmediated -- volume  |m A14800742243 
998 f f |a HD2961 .P6  |t 0  |l Remote Storage